Discrete mathematical structures / (Record no. 2939)

MARC details
000 -LEADER
fixed length control field 00707nam a2200217 ar4500
001 - CONTROL NUMBER
control field 2941
005 - DATE AND TIME OF LATEST TRANSACTION
control field 20221127090632.0
008 - FIXED-LENGTH DATA ELEMENTS--GENERAL INFORMATION
fixed length control field 121020s xxu a 00110|eng d
020 ## - INTERNATIONAL STANDARD BOOK NUMBER
International Standard Book Number 9780132078450(pbk) :
Terms of availability SR251.00
082 04 - DEWEY DECIMAL CLASSIFICATION NUMBER
Classification number 511.1
Item number K834 2009
100 1# - MAIN ENTRY--PERSONAL NAME
Personal name Kolman, Bernard.
245 10 - TITLE STATEMENT
Title Discrete mathematical structures /
Statement of responsibility, etc. B. Kolman, Robert Busby, Sharon Ross.
250 ## - EDITION STATEMENT
Edition statement 6th ed.
260 ## - PUBLICATION, DISTRIBUTION, ETC.
Place of publication, distribution, etc. Upper Saddle River, NJ :
Name of publisher, distributor, etc. Pearson/Prentice Hall,
Date of publication, distribution, etc. 2009.
300 ## - PHYSICAL DESCRIPTION
Extent xv, 522, [12] p. :
Other physical details ill. ;
Dimensions 26 cm.
500 ## - GENERAL NOTE
General note Includes index.
650 #4 - SUBJECT ADDED ENTRY--TOPICAL TERM
Topical term or geographic name entry element Computer science
General subdivision Mathematics.
650 #4 - SUBJECT ADDED ENTRY--TOPICAL TERM
Topical term or geographic name entry element Mathematics.
700 0# - ADDED ENTRY--PERSONAL NAME
Personal name Busby, Robert C.,
Relator term jt. author.
700 0# - ADDED ENTRY--PERSONAL NAME
Personal name Ross, Sharon Cutler,
Relator term jt. author.
Holdings
Withdrawn status Lost status Source of classification or shelving scheme Damaged status Not for loan Home library Current library Date acquired Total Checkouts Full call number Barcode Date last seen Copy number Price effective from Koha item type
              11/27/2022   511.1 K834 2009 1000000008910 11/27/2022 C4 11/27/2022 Book
              11/27/2022   511.1 K834 2009 1000000010946 11/27/2022 C6 11/27/2022 Book
              11/27/2022   511.1 K834 2009 1000000010945 11/27/2022 C7 11/27/2022 Book
          CENTRAL CENTRAL 11/27/2022   511.1 K834 2009 1000000008912 11/27/2022 C1 11/27/2022 Book
          CENTRAL CENTRAL 11/27/2022   511.1 K834 2009 1000000008917 11/27/2022 C3 11/27/2022 Book
          CENTRAL CENTRAL 11/27/2022   511.1 K834 2009 1000000008911 11/27/2022 C5 11/27/2022 Book
          KHOBAR KHOBAR 11/27/2022   511.1 K834 2009 1000000008918 11/27/2022 C2 11/27/2022 Book